| 000 | 00708cab a2200229 4500 | ||
|---|---|---|---|
| 001 | WB3446-45 | ||
| 008 | 090401t1998 xxu||||| |||| 00| 0 eng d | ||
| 035 | _a(Sirsi) u90029 | ||
| 041 | _aeng | ||
| 245 | _aNew countryside body named | ||
| 260 | _c1998 | ||
| 350 | _a0 | ||
| 490 |
_aDOETR News Release _v(996) 25 November 1998, (1) |
||
| 520 | _aThe new body created by the merger of the Countryside Commission and Rural Development Commission is expected to be called the Countryside Agency. | ||
| 650 | _aCOUNTRYSIDE AGENCY | ||
| 650 | _aCOUNTRYSIDE COMMISSION | ||
| 650 | _aMERGER | ||
| 650 | _aRURAL DEVELOPMENT COMMISSION | ||
| 690 | _aRURAL PRACTICE | ||
| 942 | _n0 | ||
| 948 | _c01/12/1998 | ||
| 999 |
_c57008 _d57008 |
||